Študentské bankové účty v bankách na Sovensku bakalárska práca

Salvato in:
Dettagli Bibliografici
Autore principale: Bobrovský, Jozef
Ente Autore: Národohospodárska fakulta EU. Katedra bankovníctva a medzinárodných financií
Altri autori: Horvátová, Eva, 1958-
Natura: Libro
Lingua:slovacco
Pubblicazione: Bratislava 2017
Tags: Aggiungi Tag
Nessun Tag, puoi essere il primo ad aggiungerne!!

MARC

LEADER 00000nbm a2200000 4500
001 0233760
005 20240913083129.4
041 0 |a slo 
044 |a SK 
245 1 0 |a Študentské bankové účty v bankách na Sovensku  |b bakalárska práca  |c Jozef Bobrovský ; školiteľ: Eva Horvátová 
264 1 |a Bratislava  |c 2017 
300 |a 47 s. 
100 1 |a Bobrovský, Jozef 
700 1 |a Horvátová, Eva, 1958- 
710 2 |a Národohospodárska fakulta EU. Katedra bankovníctva a medzinárodných financií